ASME 2015 International Manufacturing Science and Engineering Conference - Volume 2: Materials; Biomanufacturing; Properties, Applications and Systems; Sustainable Manufacturing

Dades bibliogràfiques
Format: Electrònic Revista
Idioma:English
Publicat: ASME
Accés en línia:Full text available on ASME[2015-2015]
Off-campus access
LEADER 01068cas a2200181 a 4500
001 AALConferenceProceedingsASME001023
008 230101c9999 xx r poo 0 0eng d
020 |a 978-0-7918-5683-3 
040 |a BD-DhAAL  |c BD-DhAAL 
245 0 0 |h [electronic resource]  |a ASME 2015 International Manufacturing Science and Engineering Conference - Volume 2: Materials; Biomanufacturing; Properties, Applications and Systems; Sustainable Manufacturing 
260 |b ASME 
300 |a 1 online resource 
500 |a <strong>Off-Campus Access:</strong> Athens ID and Password Required 
500 |a <strong>On-Campus Access:</strong> No User ID or Password Required 
506 |a Electronic access restricted to authorized BRAC University faculty, staff and students 
538 |a Mode of access: Internet 
856 4 0 |z Full text available on ASME[2015-2015]  |u https://asmedigitalcollection.asme.org/MSEC/MSEC2015/volume/56833 
856 4 0 |z Off-campus access  |u https://go.openathens.net/redirector/bracu.ac.bd?url=https%3A%2F%2Fasmedigitalcollection.asme.org%2FMSEC%2FMSEC2015%2Fvolume%2F56833